000 00376cam a22001217a 4500
008 180718b1963 xxu||||| |||| 00| 0 eng d
082 _aP52x42 Z92
100 _aZweig, Ferdynand
245 _aStudent in the age of anxiety: a survey of Oxford and Manchester students
_cby Ferdynand Zweig
260 _aLondon
_bHeinemann
_c1963
300 _a224p.
650 _aStudents --England
999 _c431553
_d431553